[Event "51st Hoogovens it"]
[Site "Wijk aan Zee NED"]
[Date "1989.01.15"]
[Round "3"]
[White "Douven, Rudy"]
[Black "Miles, Anthony John"]
[Result "1/2-1/2"]
[WhiteElo "2445"]
[BlackElo "2520"]
[EventDate "1989.01.13"]
[PlyCount "142"]

1. d4 d6 2. c4 e5 3. Nc3 exd4 4. Qxd4 Nf6 5. e4 g6 6. Be3 Bg7 7. Qd2 O-O 8. f3 Be6 9. Rd1 Nbd7 10. b3 c6 11. Nge2 Qa5 12. Nd4 Rad8 13. Be2 Ne5 14. O-O c5 15. Nc2 Ne8 16. Na4 Qxd2 17. Bxd2 Nc6 18. Bg5 f6 19. Bh4 g5 20. Bf2 f5 21. exf5 Bxf5 22. Bd3 Bxd3 23. Rxd3 Ne5 24. Re3 Nc7 25. Rd1 g4 26. Bh4 Rd7 27. fxg4 Nxg4 28. Red3 b6 29. h3 Nh6 30. g4 Nf7 31. Bg3 Re7 32. Nc3 Ne5 33. Bxe5 Bxe5 34. Nd5 Nxd5 35. Rxd5 Bf4 36. Re1 Rxe1+ 37. Nxe1 Be3+ 38. Kg2 Rf2+ 39. Kg3 Rxa2 40. Nf3 Ra3 41. Rxd6 Rxb3 42. Rd8+ Kf7 43. Rd7+ Ke6 44. Rxa7 h6 45. h4 Kd6 46. Rg7 Rc3 47. Rg6+ Ke7 48. Rxb6 Rxc4 49. g5 h5 50. Rh6 Rg4+ 51. Kh2 Bf4+ 52. Kh1 Rg3 53. Ng1 c4 54. Ne2 Rg4 55. Rxh5 Be5 56. g6 Re4 57. Nc1 Bf6 58. Rh7+ Ke6 59. Rc7 Kd5 60. Kg2 Rxh4 61. Ne2 Be5 62. g7 Rg4+ 63. Kf3 Rxg7 64. Nf4+ Kd4 65. Ne6+ Kd3 66. Rxg7 Bxg7 67. Nxg7 c3 68. Ne6 c2 69. Nf4+ Kd2 70. Ne2 c1=N 71. Nxc1 Kxc1 1/2-1/2

[Event "51st Hoogovens it"]
[Site "Wijk aan Zee NED"]
[Date "1989.01.18"]
[Round "5"]
[White "Sokolov, Ivan"]
[Black "Van der Wiel, John"]
[Result "1/2-1/2"]
[WhiteElo "2580"]
[BlackElo "2560"]
[EventDate "1989.01.13"]
[PlyCount "80"]

1. d4 e6 2. c4 Nf6 3. Nc3 Bb4 4. e3 c5 5. Bd3 Nc6 6. Nge2 cxd4 7. exd4 d5 8. cxd5 Nxd5 9. a3 Nxc3 10. bxc3 Bd6 11. Be4 O-O 12. Qd3 h6 13. f4 Qc7 14. Rb1 Na5 15. O-O f5 16. Bf3 Qc4 17. Qxc4 Nxc4 18. Bxb7 Rb8 19. Bxc8 Rfxc8 20. Ra1 Rb3 21. a4 Bc7 22. Rd1 Ba5 23. Kf1 Nb6 24. Bd2 Rb2 25. Be1 Nd5 26. Rdb1 Rcb8 27. Rxb2 Rxb2 28. h3 Ne3+ 29. Kf2 Nxg2 30. Kf3 Nxe1+ 31. Rxe1 Ra2 32. Rb1 Rxa4 33. Rb8+ Kh7 34. Ra8 Ra1 35. Rxa7 Bxc3 36. Re7 Ra3 37. Kg2 Ra2 38. Kf3 Ra3 39. Kg2 Ra2 40. Kf3 Ra3 1/2-1/2

[Event "51st Hoogovens it"]
[Site "Wijk aan Zee NED"]
[Date "1989.01.21"]
[Round "7"]
[White "Nikolic, Predrag"]
[Black "Piket, Jeroen"]
[Result "1-0"]
[WhiteElo "2605"]
[BlackElo "2500"]
[EventDate "1989.01.13"]
[PlyCount "81"]

1. Nf3 Nf6 2. d4 d5 3. Bf4 Bf5 4. c4 c6 5. e3 e6 6. Nc3 Nbd7 7. Qb3 Qb6 8. c5 Qxb3 9. axb3 a6 10. b4 Rc8 11. h3 h6 12. Nd2 Be7 13. Nb3 Bd8 14. Bd6 Ne4 15. Nxe4 Bxe4 16. f3 Bg6 17. Na5 Bxa5 18. bxa5 Kd8 19. Ra4 Ra8 20. Rb4 Kc8 21. h4 h5 22. Rh3 Bf5 23. Rg3 g6 24. Kd2 Re8 25. Rg5 f6 26. Rg3 g5 27. Bd3 g4 28. e4 dxe4 29. fxe4 Bg6 30. Bc2 f5 31. e5 Rg8 32. Rgb3 Ra7 33. Bd3 Nb8 34. Ke3 Rg7 35. Kf4 Bf7 36. Rb6 Be8 37. d5 cxd5 38. Bxb8 Kxb8 39. Rxe6 Ba4 40. Rb4 g3 41. Bxf5 1-0

[Event "51st Hoogovens it"]
[Site "Wijk aan Zee NED"]
[Date "1989.01.24"]
[Round "9"]
[White "Tseshkovsky, Vitaly"]
[Black "Vaganian, Rafael"]
[Result "1/2-1/2"]
[WhiteElo "2520"]
[BlackElo "2600"]
[EventDate "1989.01.13"]
[PlyCount "31"]

1. e4 e6 2. d4 d5 3. Nd2 c5 4. Ngf3 Nc6 5. exd5 exd5 6. Bb5 Bd6 7. dxc5 Bxc5 8. Nb3 Bd6 9. O-O Nge7 10. Re1 O-O 11. Bd3 h6 12. h3 Nf5 13. c3 Qf6 14. Bc2 Be6 15. Qd3 Rfe8 16. Bd2 1/2-1/2

[Event "51st Hoogovens it"]
[Site "Wijk aan Zee NED"]
[Date "1989.01.26"]
[Round "11"]
[White "Miles, Anthony John"]
[Black "Piket, Jeroen"]
[Result "0-1"]
[WhiteElo "2520"]
[BlackElo "2500"]
[EventDate "1989.01.13"]
[PlyCount "76"]

1. Nf3 Nf6 2. g3 g6 3. b3 Bg7 4. Bb2 O-O 5. Bg2 d6 6. d4 e5 7. dxe5 Ng4 8. h3 Nxe5 9. Nxe5 dxe5 10. Qxd8 Rxd8 11. Nd2 c6 12. O-O-O Be6 13. Nc4 Rxd1+ 14. Rxd1 Nd7 15. a4 f6 16. Nd6 Rb8 17. a5 a6 18. Ba3 Bf8 19. Kb2 Be7 20. g4 Bd8 21. Bb4 Be7 22. e3 Kf8 23. Ba3 f5 24. gxf5 gxf5 25. h4 Nf6 26. Re1 Ne8 27. Nxe8 Rxe8 28. Bh3 Bxa3+ 29. Kxa3 Ke7 30. Kb4 c5+ 31. Kxc5 Rc8+ 32. Kb6 Rxc2 33. f4 Rc3 34. b4 exf4 35. Kxb7 Rxe3 36. Rxe3 fxe3 37. Bf1 f4 38. b5 f3 {Time} 0-1